[Event "Moscow Open 2009 B"]
[Site "www.moscowchessopen.ru"]
[Date "2009.02.01"]
[Round "2.18"]
[White "Betaneli, Alexander"]
[Black "Ustinov, Alexey"]
[Result "1-0"]
[WhiteElo "2284"]
[BlackElo "2099"]
[Annotator ""]
[Source ""]
[Remark ""]

1.e4 c5 2.Nf3 d6 3.d4 cxd4 4.Nxd4 Nf6 5.Nc3 a6 6.f4 e6 7.Bd3
Nbd7 8.a4 Qc7 9.O-O Be7 10.Kh1 b6 11.Qf3 Bb7 12.Qg3 g6 13.Nf3
O-O-O 14.Be3 h5 15.Qe1 Ng4 16.Bd4 e5 17.Bg1 exf4 18.Nd5 Bxd5
19.exd5 Nc5 20.b4 Nxd3 21.cxd3 Kd7 22.Rc1 Qb7 23.Rc6 b5 24.Nd4
Ne5 25.Qe4 Bg5 26.h4 Bh6 27.Rfc1 Rc8 28.Nf5 gxf5 29.Qxf5+ Ke7
30.Rxd6 Bg7 31.Bc5 Ke8 32.Re6+ Kd8 33.Be7+ Ke8 34.Bc5+ Kd8 35.Bb6+
Kd7 36.Rxe5+ Kd6 37.Re6+ Kd7 38.Qxf7# 1-0

[Event "Moscow Open 2009 B"]
[Site "www.moscowchessopen.ru"]
[Date "2009.02.01"]
[Round "2.19"]
[White "Aliekhin, Vladislav"]
[Black "Babikov, Ivan"]
[Result "0-1"]
[WhiteElo "2120"]
[BlackElo "2284"]
[Annotator ""]
[Source ""]
[Remark ""]

1.Nf3 d5 2.d4 Nf6 3.c4 e6 4.Nc3 Nbd7 5.cxd5 exd5 6.Bg5 Be7 7.e3
O-O 8.Bd3 h6 9.Bh4 Re8 10.O-O c6 11.Rc1 Ne4 12.Bxe7 Qxe7 13.Re1
Nf8 14.Nd2 Bf5 15.Qc2 Bg6 16.f3 Nxd2 17.Qxd2 Rad8 18.a3 Rd6 19.Re2
Re6 20.Rce1 f5 21.g3 Kh8 22.Kf2 Qf6 23.b4 Nh7 24.Kg2 Bh5 25.Nd1
Ng5 26.Rf2 Nf7 27.b5 g5 28.bxc6 bxc6 29.Rh1 f4 30.g4 fxe3 31.Nxe3
Rxe3 32.gxh5 Qxd4 33.Bg6 Qxd2 34.Rxd2 Rf8 35.Kf2 Rxa3 36.Re1
g4 37.Rb2 Ng5 38.Re7 gxf3 39.Rbb7 Ra2+ 40.Kf1 Rxh2 41.Rxa7 f2
42.Bf5 Rh1+ 43.Kxf2 Rxf5+ 44.Kg2 Rhf1 0-1

[Event "Moscow Open 2009 B"]
[Site "www.moscowchessopen.ru"]
[Date "2009.02.01"]
[Round "2.20"]
[White "Khachatryan, Vahagn"]
[Black "Repkin, Alexander"]
[Result "1-0"]
[WhiteElo "2283"]
[BlackElo "2098"]
[Annotator ""]
[Source ""]
[Remark ""]

1.e4 c5 2.c3 Nf6 3.e5 Nd5 4.Nf3 Nc6 5.d4 cxd4 6.Bc4 Nb6 7.Bb3
e6 8.cxd4 d6 9.O-O dxe5 10.dxe5 Qc7 11.Nc3 a6 12.Bf4 Bd7 13.Ne4
h6 14.Nd6+ Bxd6 15.exd6 Qd8 16.Qd3 Na5 17.Qc3 1-0

[Event "Moscow Open 2009 B"]
[Site "www.moscowchessopen.ru"]
[Date "2009.02.01"]
[Round "2.21"]
[White "Belotelov, Dmitriy"]
[Black "Zhuravliev, Vladilen"]
[Result "1-0"]
[WhiteElo "2278"]
[BlackElo "2097"]
[Annotator ""]
[Source ""]
[Remark ""]

1.d4 Nf6 2.Bg5 d6 3.Bxf6 gxf6 4.e3 f5 5.Nd2 e6 6.c3 Qf6 7.Ne2
Be7 8.Nf4 Nd7 9.g3 Qg5 10.Bg2 d5 11.c4 c6 12.cxd5 exd5 13.Qa4
O-O 14.O-O Bd6 15.Nf3 Qf6 16.Qc2 Bxf4 17.exf4 Nb6 18.Rfe1 Bd7
19.b3 Rae8 20.Re5 Rxe5 21.dxe5 Qg6 22.Bh3 f6 23.Nh4 Qh5 24.Re1
fxe5 25.Rxe5 Re8 26.Bxf5 Rxe5 27.fxe5 Bxf5 28.Nxf5 Kf7 29.Nd6+
Ke6 30.Nxb7 Kxe5 31.f4+ Kf6 32.Qxc6+ Kg7 33.Qc3+ Kg8 34.Qd3 Qg4
35.Nd6 Qe6 36.Nf5 Nd7 37.Qxd5 Kf7 38.Qxe6+ Kxe6 39.Ne3 1-0

[Event "Moscow Open 2009 B"]
[Site "www.moscowchessopen.ru"]
[Date "2009.02.01"]
[Round "2.22"]
[White "Okun, Leonid"]
[Black "Ibragimov, Ali"]
[Result "1-0"]
[WhiteElo "2277"]
[BlackElo "2089"]
[Annotator ""]
[Source ""]
[Remark ""]

1.c4 Nf6 2.g3 c6 3.d3 d5 4.Nd2 e5 5.Bg2 Bd6 6.Qc2 Be6 7.Ngf3
h6 8.O-O O-O 9.a3 a5 10.b3 Nbd7 11.Bb2 Re8 12.Rfe1 b5 13.Rec1
Rc8 14.e3 Nh7 15.Bf1 f5 16.d4 e4 17.Ne1 bxc4 18.bxc4 g5 19.Bh3
g4 20.Bf1 Ng5 21.Qa4 Nh3+ 22.Bxh3 gxh3 23.Bc3 Qg5 24.c5 Bb8 25.Nf1
f4 26.Bxa5 h5 27.exf4 Bxf4 28.Rc2 Ra8 29.Qb4 h4 30.Qc3 Bf5 31.Bb4
e3 32.Re2 hxg3 33.hxg3 exf2+ 34.Rxf2 Re3 35.Nf3 Qg7 36.Nxe3 Qxg3+
37.Kf1 Be4 38.Nd1 Re8 39.Raa2 Nf6 40.Rg2 hxg2+ 41.Rxg2 Nh5 42.Nf2
Bf5 43.Rxg3+ Nxg3+ 44.Kg2 Re2 45.Ng5 Re3 46.Qxe3 Bxe3 47.Kxg3
Bxg5 48.Ng4 Bd8 49.Ne5 1-0

[Event "Moscow Open 2009 B"]
[Site "www.moscowchessopen.ru"]
[Date "2009.02.01"]
[Round "2.23"]
[White "Gankin, Stanislav"]
[Black "Gevondian, Arman"]
[Result "1-0"]
[WhiteElo "2275"]
[BlackElo "2081"]
[Annotator ""]
[Source ""]
[Remark ""]

1.e4 e5 2.Bc4 Nf6 3.Nc3 Nxe4 4.Qh5 Nd6 5.Bb3 Nc6 6.Nb5 g6 7.Qf3
f5 8.Qd5 Qe7 9.Nxc7+ Kd8 10.Nxa8 b6 11.d3 Bb7 12.Qf3 Nd4 13.Qh3
e4 14.Be3 exd3 15.O-O-O Nxb3+ 16.cxb3 Bxa8 17.Nf3 Qe4 18.Rhe1
Qc6+ 19.Kb1 Qc2+ 20.Ka1 Bxf3 21.Bg5+ Kc8 22.Rc1 Be4 23.Rxc2+
dxc2 24.Qc3+ 1-0

[Event "Moscow Open 2009 B"]
[Site "www.moscowchessopen.ru"]
[Date "2009.02.01"]
[Round "2.24"]
[White "Khatoev, Eduard"]
[Black "Pavlov, Aleksandr"]
[Result "1/2-1/2"]
[WhiteElo "2120"]
[BlackElo "2274"]
[Annotator ""]
[Source ""]
[Remark ""]

1.d4 Nf6 2.Nf3 e6 3.e3 b6 4.Bd3 Bb7 5.O-O c5 6.c4 Be7 7.Nc3 a6
8.e4 cxd4 9.Nxd4 d6 10.b3 Nbd7 11.Qe2 O-O 12.Bb2 Re8 13.Rad1
Qc7 14.Bb1 Bf8 15.Qd2 Rad8 16.Qg5 g6 17.f4 Bg7 18.f5 h6 19.Qg3
Ne5 20.Kh1 Nh5 21.Qh3 Qe7 22.fxe6 fxe6 23.Na4 Nf6 24.Nf3 Nxe4
25.Nxe5 dxe5 26.Qe3 Qh4 27.Bxe4 Bxe4 28.Nc3 Ba8 29.Qxb6 Qg4 30.Qf2
Rf8 31.Rxd8 Rxd8 32.Ba3 Kh7 33.Bc5 Rd3 34.Qe2 Qxe2 35.Nxe2 Rd2
36.Rf2 Rxa2 37.h3 Rd2 38.b4 Rc2 39.Ng3 Rc3 40.Kh2 Kg8 41.Rd2
Bc6 42.Rd6 Ba4 43.Rxa6 Bc2 44.Rxe6 Rxc4 45.Bd6 Rc6 46.Re8+ Kf7
47.Re7+ Kf6 48.Rc7 Rxc7 49.Bxc7 Bd3 50.Kg1 Bf8 51.Ba5 Ke6 52.Kf2
Kd5 53.Ke3 e4 54.Ne2 Kc4 55.Ng3 h5 56.Nxe4 Bh6+ 57.Kf3 Bf8 58.g4
Be7 59.gxh5 gxh5 60.Nf2 Bf1 61.Kg3 Bf6 62.Ne4 Be5+ 63.Kh4 Be2
64.Bd8 Bd4 65.Ng3 Bf2 66.Bc7 1/2-1/2

[Event "Moscow Open 2009 B"]
[Site "www.moscowchessopen.ru"]
[Date "2009.02.01"]
[Round "2.25"]
[White "Erzhanov, Arman"]
[Black "Zaryvkina, Anastasia"]
[Result "1-0"]
[WhiteElo "2273"]
[BlackElo "2081"]
[Annotator ""]
[Source ""]
[Remark ""]

1.e4 c5 2.b3 d6 3.Bb2 Nc6 4.Bb5 Bd7 5.f4 a6 6.Bxc6 Bxc6 7.d3
e6 8.Nf3 Nf6 9.O-O Be7 10.Nbd2 O-O 11.Qe1 Ne8 12.Qg3 f5 13.Rae1
g6 14.exf5 exf5 15.Ng5 Bxg5 16.fxg5 Rf7 17.Nc4 b5 18.Nxd6 Nxd6
19.Qe5 1-0

[Event "Moscow Open 2009 B"]
[Site "www.moscowchessopen.ru"]
[Date "2009.02.01"]
[Round "2.26"]
[White "Saraev, Anton"]
[Black "Kozlov, Vladimir N"]
[Result "0-1"]
[WhiteElo "2119"]
[BlackElo "2269"]
[Annotator ""]
[Source ""]
[Remark ""]

1.e4 c5 2.Nf3 d6 3.d4 cxd4 4.Nxd4 Nf6 5.Nc3 Nc6 6.Bg5 e6 7.Qd2
a6 8.O-O-O h6 9.Bf4 Bd7 10.Nxc6 Bxc6 11.Qe1 Qa5 12.f3 e5 13.Bd2
Qc7 14.Kb1 b5 15.Be3 Rc8 16.Qf2 Qb7 17.Qd2 Be7 18.Nd5 Bxd5 19.exd5
Bd8 20.f4 e4 21.g3 Bb6 22.Bg2 O-O 23.Bxb6 Qxb6 24.Qd4 Qa5 25.g4
Rc4 26.Qe3 Nxg4 27.Qg3 f5 28.Bh3 Rfc8 29.Bxg4 fxg4 30.Qxg4 Rxc2
31.Rhg1 Qc7 32.Qe6+ Qf7 33.Qxd6 e3 34.Qe5 e2 35.Rd3 Qg6 36.Qe3
Qxg1+ 0-1

[Event "Moscow Open 2009 B"]
[Site "www.moscowchessopen.ru"]
[Date "2009.02.01"]
[Round "2.27"]
[White "Vardanian, Haik G"]
[Black "Mayorov, Vasili"]
[Result "1-0"]
[WhiteElo "2269"]
[BlackElo "2074"]
[Annotator ""]
[Source ""]
[Remark ""]

1.e4 e6 2.d4 d5 3.Nc3 Nf6 4.Bg5 Be7 5.e5 Nfd7 6.Bxe7 Qxe7 7.f4
O-O 8.Nf3 c5 9.dxc5 Nc6 10.Bd3 Nxc5 11.O-O Nxd3 12.Qxd3 f6 13.exf6
Rxf6 14.Ng5 Rh6 15.Rae1 Qc5+ 16.Kh1 Bd7 17.a3 Rf8 18.Rf3 Qd4
19.Qxd4 Nxd4 20.Rf2 Rhf6 21.Nh3 Rc8 22.Rd2 Nf5 23.Nf2 Nd6 24.Rd4
Nc4 25.Ncd1 Nd6 26.Ng4 Rff8 27.Ne5 Be8 28.Nc3 Nf5 29.Rd2 Nd6
30.g3 Bh5 31.Kg1 Nf7 32.Nb5 a6 33.Nd4 Nd8 34.Nd7 Re8 35.c3 Bg6
36.Nb6 Rc7 37.f5 exf5 38.Rxe8+ Bxe8 39.Nxd5 Rf7 40.Nxf5 Nc6 41.Nd6 1-0

[Event "Moscow Open 2009 B"]
[Site "www.moscowchessopen.ru"]
[Date "2009.02.01"]
[Round "2.28"]
[White "Kursova, Maria"]
[Black "Potyavin, Igor"]
[Result "1-0"]
[WhiteElo "2268"]
[BlackElo "2071"]
[Annotator ""]
[Source ""]
[Remark ""]

1.d4 Nf6 2.Nf3 d5 3.c4 e6 4.Nc3 c6 5.e3 Nbd7 6.Qc2 Bd6 7.Bd3
O-O 8.O-O dxc4 9.Bxc4 e5 10.h3 exd4 11.exd4 h6 12.Bxh6 gxh6 13.Qg6+
Kh8 14.Qxh6+ Nh7 15.Qxd6 Nb6 16.Qxd8 Rxd8 17.Bxf7 Rf8 18.Ne5
Kg7 19.Bb3 Ng5 20.Rad1 Rh8 21.f4 1-0

[Event "Moscow Open 2009 B"]
[Site "www.moscowchessopen.ru"]
[Date "2009.02.01"]
[Round "2.29"]
[White "Volkov, Anton"]
[Black "Kurnaev, Vladimir"]
[Result "1/2-1/2"]
[WhiteElo "2268"]
[BlackElo "2063"]
[Annotator ""]
[Source ""]
[Remark ""]

1.d4 e6 2.Nf3 d5 3.Bf4 Nf6 4.e3 Be7 5.Bd3 O-O 6.O-O c5 7.c3 b6
8.Qe2 Bb7 9.Nbd2 Nc6 10.h3 c4 11.Bc2 b5 12.e4 b4 13.exd5 Nxd5
14.Bg3 bxc3 15.Nxc4 Ncb4 16.Bb3 Ba6 17.Rfd1 Rc8 18.a3 Nc6 19.Qc2
Na5 20.Nxa5 cxb2 21.Qxb2 Qxa5 22.Ne5 Nc3 23.Re1 Na4 24.Qa2 Nc3
25.Qb2 Qb5 26.Kh2 Bb7 27.Rac1 Bd5 28.Rxc3 Rxc3 29.Qxc3 Qxb3 30.Qxb3
Bxb3 31.Nc6 Bxa3 32.Re3 Bd5 1/2-1/2

[Event "Moscow Open 2009 B"]
[Site "www.moscowchessopen.ru"]
[Date "2009.02.01"]
[Round "2.30"]
[White "Sargissyan, Sargis"]
[Black "Pechnikov, Artiom"]
[Result "1-0"]
[WhiteElo "2119"]
[BlackElo "2267"]
[Annotator ""]
[Source ""]
[Remark ""]

1.e4 c5 2.Nf3 Nc6 3.d4 cxd4 4.Nxd4 Nf6 5.Nc3 e5 6.Ndb5 d6 7.Bg5
a6 8.Na3 b5 9.Nd5 Be7 10.Bxf6 Bxf6 11.c3 O-O 12.Nc2 Bg5 13.a4
bxa4 14.Rxa4 a5 15.Bc4 Rb8 16.b3 Kh8 17.Nce3 g6 18.h4 Bxh4 19.g3
Bg5 20.f4 exf4 21.gxf4 Bh4+ 22.Kd2 Kg7 23.Qg1 h5 24.Ra2 Rh8 25.Nf5+
Bxf5 26.exf5 Rh6 27.Kc1 Bf6 28.Rg2 Qe8 29.Re2 Qd8 30.fxg6 Rxg6
31.Rg2 Bxc3 32.f5 Bd4 33.Rxg6+ fxg6 34.Qxg6+ Kf8 35.f6 Ne5 36.Qg7+ 1-0

[Event "Moscow Open 2009 B"]
[Site "www.moscowchessopen.ru"]
[Date "2009.02.01"]
[Round "2.31"]
[White "Uliashev, Pavel"]
[Black "Valiev, Emil"]
[Result "1-0"]
[WhiteElo "2267"]
[BlackElo "2058"]
[Annotator ""]
[Source ""]
[Remark ""]

1.d4 d5 2.c4 e6 3.Nc3 Nf6 4.cxd5 Nxd5 5.e4 Nxc3 6.bxc3 b6 7.Nf3
Bb7 8.Bd3 g6 9.O-O Nd7 10.Bg5 f6 11.Bh4 Bg7 12.e5 O-O 13.Bc4
Qe7 14.Re1 g5 15.exf6 Bxf6 16.Rxe6 Qf7 17.Nxg5 Bxg5 18.Rg6+ hxg6
19.Bxf7+ Rxf7 20.Bxg5 Rf5 21.Qd2 Re8 22.Re1 Rxe1+ 23.Qxe1 Rxg5
24.Qe6+ Kg7 25.Qxd7+ Kh6 26.g4 Bf3 27.h3 c5 28.Qd8 1-0

[Event "Moscow Open 2009 B"]
[Site "www.moscowchessopen.ru"]
[Date "2009.02.01"]
[Round "2.32"]
[White "Adamson, Garry"]
[Black "Gulevich, Artem"]
[Result "0-1"]
[WhiteElo "2115"]
[BlackElo "2264"]
[Annotator ""]
[Source ""]
[Remark ""]

1.d4 d5 2.Nf3 Nf6 3.c4 c6 4.Nc3 e6 5.Qd3 Be7 6.e4 dxe4 7.Nxe4
Nbd7 8.Bd2 c5 9.Nxc5 Nxc5 10.dxc5 Qxd3 11.Bxd3 Bxc5 12.b4 Bd6
13.Bc3 b6 14.O-O Bb7 15.Rfd1 Rc8 16.a3 Ke7 17.Nd4 Rhd8 18.Bb2
Ng4 19.Nf3 Bxf3 20.gxf3 Bxh2+ 21.Kg2 Be5 22.fxg4 Bxb2 23.Rab1
Be5 24.Be2 Rxd1 25.Rxd1 Bb2 26.Rb1 Bxa3 27.Ra1 Bxb4 28.Rxa7+
Kf8 29.f4 g6 30.f5 exf5 31.gxf5 Kg7 32.Bf3 Kf6 33.Bd5 Rf8 34.fxg6
hxg6 35.Kf3 g5 36.Rc7 Bc5 37.Kg4 Be3 38.Kf3 Bd4 39.Kg4 Be3 40.Kf3
Bc5 41.Kg4 Kg6 42.Rc6+ f6 43.Be4+ Kf7 44.Kf5 Be7 45.Bd5+ Ke8
46.Rxb6 Kd7 47.c5 Bxc5 48.Rxf6 Rb8 49.Rg6 Be7 50.Bc6+ Kc7 51.Bd5
Rd8 52.Rc6+ Kd7 53.Rc4 Rf8+ 54.Kg4 Kd6 55.Bf3 Rh8 56.Kf5 Rf8+
57.Kg4 Ke5 58.Re4+ Kf6 59.Rc4 Rh8 60.Rc6+ Ke5 61.Ra6 Rh4+ 62.Kg3
Bd6 63.Kg2 Ke6 64.Ra5 Be5 65.Bd5+ Kf5 66.Bc6 Rd4 67.Ra4 Rd2+
68.Kf1 g4 69.Ke1 Rd6 70.Bg2 Bg3+ 71.Ke2 Re6+ 72.Kd3 Bf2 73.Be4+
Kg5 74.Rc4 Rf6 75.Rc6 Rf8 76.Rc4 Kh4 77.Ke2 Bb6 78.Rc6 Bg1 79.Kd3
Kg3 80.Rc2 Bf2 81.Ke2 Kh2 82.Kf1 g3 83.Ke2 g2 84.Bxg2 Kxg2 85.Kd3
Kf3 86.Rc7 Rd8+ 87.Kc4 Bg3 88.Rf7+ Ke4 89.Re7+ Be5 90.Rh7 Rc8+
91.Kb5 Kd5 92.Kb6 Rc2 93.Kb7 Rb2+ 94.Ka7 Kc6 95.Ka8 Rf2 96.Rh6+
Bd6 97.Rh7 Rf8+ 98.Ka7 Bc5+ 99.Ka6 Ra8+ 0-1

[Event "Moscow Open 2009 B"]
[Site "www.moscowchessopen.ru"]
[Date "2009.02.01"]
[Round "2.33"]
[White "Kruchev, Boris"]
[Black "Masich, Vladimir"]
[Result "1-0"]
[WhiteElo "2263"]
[BlackElo "2053"]
[Annotator ""]
[Source ""]
[Remark ""]

1.e4 c5 2.Nf3 Nc6 3.d4 cxd4 4.Nxd4 Nf6 5.Nc3 d6 6.Bg5 e6 7.Qd2
a6 8.O-O-O Bd7 9.f4 h6 10.Bh4 Be7 11.Qe1 Qc7 12.Nf3 b5 13.e5
dxe5 14.fxe5 Ng4 15.Bxe7 Nxe7 16.h3 b4 17.Ne4 Ba4 18.Nd6+ Kf8
19.Qe4 Qxc2+ 20.Qxc2 Bxc2 21.Rd4 Ne3 22.Rxb4 a5 23.Rb7 Ba4 24.Nd4
h5 25.Bd3 h4 26.Kd2 N3f5 27.Bxf5 exf5 28.Rc1 Be8 29.Rcc7 Nd5
30.Rc4 Nf4 31.Nxe8 Rxe8 32.Rcc7 Rh7 33.Rxf7+ Kg8 34.Rxf5 g6 35.Rxh7
gxf5 36.Rxh4 Nxg2 37.Rh5 Rd8 38.Rg5+ Kh7 39.Rxg2 Rxd4+ 40.Ke1
f4 41.Rd2 1-0

[Event "Moscow Open 2009 B"]
[Site "www.moscowchessopen.ru"]
[Date "2009.02.01"]
[Round "2.34"]
[White "Vdovin, Sergei"]
[Black "Gvilava, Maya"]
[Result "1-0"]
[WhiteElo "2263"]
[BlackElo "2052"]
[Annotator ""]
[Source ""]
[Remark ""]

1.d4 Nf6 2.c4 g6 3.Nc3 Bg7 4.e4 d6 5.Nf3 O-O 6.Be2 e5 7.Be3 Nc6
8.d5 Ne7 9.Nd2 Nd7 10.f3 f5 11.Rc1 f4 12.Bf2 Nf6 13.c5 Ne8 14.Nc4
g5 15.a4 h5 16.h3 Ng6 17.cxd6 cxd6 18.Nb5 a6 19.Nb6 axb5 20.Nxa8
Qa5+ 21.Qd2 Qxa8 22.Bxb5 g4 23.hxg4 hxg4 24.Qb4 g3 25.Bb6 Qb8
26.Qa5 Nf6 27.Bc7 b6 28.Qc3 Qb7 29.Bxd6 Rd8 30.Bc7 Rf8 31.Qb3
Rf7 32.d6 Kf8 33.d7 Bxd7 34.Bd6+ Ke8 35.Rc7 Qa8 36.Qe6+ 1-0

[Event "Moscow Open 2009 B"]
[Site "www.moscowchessopen.ru"]
[Date "2009.02.01"]
[Round "2.35"]
[White "Shcherbin, Matvei"]
[Black "Stepanov, Igor"]
[Result "1-0"]
[WhiteElo "2262"]
[BlackElo "2044"]
[Annotator ""]
[Source ""]
[Remark ""]

1.e4 d5 2.exd5 Qxd5 3.Nc3 Qa5 4.d4 Nf6 5.Nf3 c6 6.Bf4 Bf5 7.Bd3
Bxd3 8.Qxd3 e6 9.Ne5 Be7 10.O-O O-O 11.a3 Nd5 12.Bd2 Nxc3 13.Bxc3
Qd8 14.f4 Nd7 15.Nc4 Nf6 16.f5 exf5 17.Rxf5 Nd5 18.Bd2 Bf6 19.Raf1
g6 20.Rxf6 Nxf6 21.Bg5 Kg7 22.Bxf6+ Qxf6 23.Rxf6 Kxf6 24.Na5
Rab8 25.d5 cxd5 26.Qxd5 Rfd8 27.Qf3+ Kg7 28.Nxb7 Re8 29.Nd6 Re7
30.Nf5+ Kf8 31.Qf4 Reb7 32.Qh6+ 1-0

[Event "Moscow Open 2009 B"]
[Site "www.moscowchessopen.ru"]
[Date "2009.02.01"]
[Round "2.36"]
[White "Vetryansky, Vladimir"]
[Black "Koshevoy, Sergey"]
[Result "0-1"]
[WhiteElo "2114"]
[BlackElo "2260"]
[Annotator ""]
[Source ""]
[Remark ""]

1.e4 c6 2.d4 d5 3.exd5 cxd5 4.Bd3 Nc6 5.c3 Nf6 6.h3 g6 7.Nf3
Bf5 8.O-O Bg7 9.Re1 Bxd3 10.Qxd3 O-O 11.Nbd2 e6 12.b3 Qc7 13.Bb2
Rfd8 14.Rac1 Rac8 15.c4 dxc4 16.bxc4 Nh5 17.Qe3 Nf4 18.Ne4 Nh5
19.c5 Qf4 20.Qb3 Nxd4 21.Bxd4 Bxd4 22.Nxd4 Rxd4 23.Qxb7 Rb8 24.c6
Rxb7 25.cxb7 Rb4 26.Rb1 Rb6 27.Red1 Qc7 28.Rxb6 Qxb6 29.Nc5 Nf4
30.a4 a5 31.Kh2 Nd5 32.Rd3 Kg7 33.h4 h5 34.Kg1 Kh6 35.g3 Kg7 0-1

[Event "Moscow Open 2009 B"]
[Site "www.moscowchessopen.ru"]
[Date "2009.02.01"]
[Round "2.37"]
[White "Muromtsev, Arthur"]
[Black "Cherny, Oleg"]
[Result "1/2-1/2"]
[WhiteElo "2259"]
[BlackElo "2043"]
[Annotator ""]
[Source ""]
[Remark ""]

1.e4 Nf6 2.e5 Nd5 3.d4 d6 4.Nf3 Bg4 5.Be2 e6 6.O-O Be7 7.Nc3
O-O 8.Nxd5 exd5 9.c3 Nc6 10.Qb3 dxe5 11.dxe5 Nxe5 12.Rd1 Bxf3
13.gxf3 c6 14.Qxb7 Qd6 15.b3 a5 16.Qb6 Ng6 17.Be3 Nf4 18.Bf1
Ne6 19.Bd2 d4 20.Be3 Rfb8 21.Rxd4 Nxd4 22.Qxd4 Qg6+ 23.Qg4 Bf6
24.Rc1 Rd8 25.Bc4 a4 26.b4 Rab8 27.Kg2 Rb7 28.Be2 Be5 29.Bd1
Rd3 30.Bxa4 Rxc3 31.Rxc3 Bxc3 32.Qxg6 hxg6 33.Bxc6 Rxb4 1/2-1/2

[Event "Moscow Open 2009 B"]
[Site "www.moscowchessopen.ru"]
[Date "2009.02.01"]
[Round "2.38"]
[White "Krivenko, Sergey"]
[Black "Kasyanov, Aysen"]
[Result "1-0"]
[WhiteElo "2111"]
[BlackElo "2257"]
[Annotator ""]
[Source ""]
[Remark ""]

1.e4 e5 2.Nf3 Nc6 3.Bb5 Nf6 4.Qe2 d6 5.c3 Be7 6.h3 O-O 7.O-O
Bd7 8.d4 Re8 9.d5 Nb8 10.Bxd7 Nbxd7 11.c4 Nc5 12.Nc3 Qd7 13.Bg5
h6 14.Bxf6 Bxf6 15.b4 Na4 16.Nd1 a5 17.a3 axb4 18.axb4 Ra6 19.Rc1
Rea8 20.Ne3 Be7 21.Rc2 b5 22.cxb5 Rb6 23.Rc6 Rb7 24.Nf5 Kh7 25.Nd2
g6 26.Nxe7 Qxe7 27.Nb3 Rab8 28.Ra1 Nb6 29.Na5 Ra7 30.Rac1 Qd7
31.Qc2 Na8 32.Qc4 Nb6 33.Qc3 Na8 34.Ra6 Rxa6 35.bxa6 Qb5 36.Nc6
Rf8 37.a7 f5 38.exf5 Rxf5 39.Ne7 Rf7 40.Qc6 Qxc6 41.Nxc6 Rf8
42.b5 Kg7 43.Rc4 Nb6 44.Nb8 Na8 45.Rc6 Rf4 46.Rxc7+ Rf7 47.Rxf7+
Kxf7 48.Nd7 1-0

[Event "Moscow Open 2009 B"]
[Site "www.moscowchessopen.ru"]
[Date "2009.02.01"]
[Round "2.39"]
[White "Bazarov, Konstantin"]
[Black "Subbotin, Andrey"]
[Result "1/2-1/2"]
[WhiteElo "2256"]
[BlackElo "2043"]
[Annotator ""]
[Source ""]
[Remark ""]

1.e4 c5 2.Nf3 Nc6 3.Nc3 g6 4.d4 cxd4 5.Nxd4 Bg7 6.Be3 Nf6 7.Nb3
O-O 8.Be2 d6 9.O-O Be6 10.f4 Na5 11.Nxa5 Qxa5 12.Bf3 Bc4 13.Re1
Rfd8 14.Bf2 e5 15.fxe5 dxe5 16.Qc1 Ne8 17.Kh1 Nc7 18.Be2 Bxe2
19.Rxe2 Qa6 20.Qe3 f5 21.Rd2 Ne6 22.Rxd8+ Rxd8 23.Qxa7 Qxa7 24.Bxa7
Rd2 25.Rc1 Nd4 26.exf5 gxf5 27.Bxd4 exd4 28.Nd5 d3 29.cxd3 Bxb2
30.Rc8+ Kg7 31.Rc7+ Kg6 32.g3 Kg5 33.Rxb7 Bd4 34.Nf4 Kg4 35.Rb1
Rxa2 36.Re1 Kf3 37.Rf1+ Kg4 38.Ne6 Be3 39.Nf4 h5 40.Nd5 Bf2 41.Nc3
Rd2 42.Nd1 Bxg3 43.hxg3 Kxg3 44.Rg1+ Kh3 45.Re1 f4 46.Kg1 Kg3
47.Rf1 1/2-1/2

[Event "Moscow Open 2009 B"]
[Site "www.moscowchessopen.ru"]
[Date "2009.02.01"]
[Round "2.40"]
[White "Polonskiy, Pavel"]
[Black "Oleinikov, Dmitrij"]
[Result "1-0"]
[WhiteElo "2111"]
[BlackElo "2256"]
[Annotator ""]
[Source ""]
[Remark ""]

1.d4 Nf6 2.Nf3 e6 3.c4 Nc6 4.Bg5 h6 5.Bxf6 Qxf6 6.e3 d6 7.Nc3
g5 8.Nb5 Qe7 9.d5 Nb8 10.Nxa7 Bd7 11.dxe6 Bxe6 12.Nb5 Bg7 13.Qd2
Na6 14.Be2 Nc5 15.O-O O-O 16.Nfd4 Bd7 17.Nc3 c6 18.Rad1 Rfd8
19.Qc2 Qe5 20.Rd2 Bc8 21.Rfd1 Qf6 22.h3 Be6 23.b3 Bc8 24.Bg4
Be6 25.Ne4 Nxe4 26.Qxe4 Bxg4 27.hxg4 d5 28.cxd5 Rxd5 29.Nf5 Rxd2
30.Rxd2 Bf8 31.a4 b5 32.axb5 Ra1+ 33.Kh2 cxb5 34.Qe8 Qe6 35.Qxb5
Rb1 36.Rd8 Qxb3 37.Qc5 1-0

[Event "Moscow Open 2009 B"]
[Site "www.moscowchessopen.ru"]
[Date "2009.02.01"]
[Round "2.41"]
[White "Kotov, Andrey"]
[Black "Kreines, Mikhail"]
[Result "0-1"]
[WhiteElo "2254"]
[BlackElo "2041"]
[Annotator ""]
[Source ""]
[Remark ""]

1.e4 e6 2.d4 d5 3.exd5 exd5 4.Nf3 Bd6 5.Bd3 Nf6 6.Bg5 Bg4 7.Nbd2
Nc6 8.c3 h6 9.Bh4 Bf4 10.Qe2+ Qe7 11.Qxe7+ Nxe7 12.Bxf6 gxf6
13.h3 Be6 14.g3 Bd6 15.O-O-O O-O-O 16.Rde1 Rhg8 17.Nf1 h5 18.Nh4
f5 19.Ng2 f4 20.Nxf4 Bxf4+ 21.gxf4 Rg2 22.f5 Nxf5 23.Bxf5 Bxf5
24.Ne3 Rxf2 25.Nxf5 Rxf5 26.Rhf1 Rxf1 27.Rxf1 Rg8 28.Rf5 c6 29.Rxh5
Kd7 30.Rf5 Ke6 31.Rf4 f5 32.a4 Rg3 33.Rh4 Rg7 34.Kc2 Rg2+ 35.Kb3
Kf6 36.Rh8 Kg7 37.Rb8 f4 38.Rxb7+ Kf6 39.Rxa7 f3 40.Ra8 Kg7 0-1

[Event "Moscow Open 2009 B"]
[Site "www.moscowchessopen.ru"]
[Date "2009.02.01"]
[Round "2.42"]
[White "Buvaltsev, Andrey"]
[Black "Merezhko, Igor"]
[Result "1/2-1/2"]
[WhiteElo "2110"]
[BlackElo "2254"]
[Annotator ""]
[Source ""]
[Remark ""]

1.Nf3 d5 2.d4 Bf5 3.Bf4 Nf6 4.e3 Nh5 5.Bg3 Nxg3 6.hxg3 h6 7.Ne5
Nd7 8.g4 Bh7 9.Bd3 Nxe5 10.dxe5 Bxd3 11.Qxd3 e6 12.Qb5+ c6 13.Qxb7
Qc8 14.Qxc8+ Rxc8 15.g5 g6 16.gxh6 Rxh6 17.Rxh6 Bxh6 18.Nd2 Bg7
19.f4 Kd7 20.Nf3 Rh8 21.O-O-O f6 22.Rd4 Kc7 23.Ra4 Kb6 24.Rb4+
Kc7 25.Nd4 Re8 26.Ra4 Kb6 27.b4 fxe5 28.Nb3 exf4 29.exf4 Bh6
30.g3 e5 31.Nc5 exf4 32.Ra6+ Kb5 33.gxf4 Bxf4+ 34.Kd1 g5 35.Rxa7
Kxb4 36.Nd3+ Kb5 37.Rb7+ Kc4 38.a4 c5 39.a5 Rh8 40.Nxf4 gxf4
41.a6 Kd4 42.a7 Rh1+ 43.Kd2 Ra1 44.Rf7 Ke4 45.Ke2 Ra2 46.Re7+
Kf5 47.Rf7+ Ke5 48.Kf3 Ra3+ 49.Ke2 Ke4 50.Re7+ Kd4 51.Kd2 Ra2
52.Rf7 Ke4 53.Rd7 d4 54.Re7+ Kf3 55.Kd3 Kf2 56.Kc4 Ra5 57.Rc7
f3 58.Rxc5 Rxa7 59.Kxd4 Rf7 60.c4 Ke2 61.Ra5 f2 62.Ra2+ Kf3 63.Rxf2+
Kxf2 64.c5 Rd7+ 65.Ke5 Ke3 66.c6 1/2-1/2

[Event "Moscow Open 2009 B"]
[Site "www.moscowchessopen.ru"]
[Date "2009.02.01"]
[Round "2.44"]
[White "Dolbnia, Dmitry"]
[Black "Gevorgyan, David"]
[Result "0-1"]
[WhiteElo "2027"]
[BlackElo "2252"]
[Annotator ""]
[Source ""]
[Remark ""]

1.e4 e5 2.Nf3 Nc6 3.Bb5 Nf6 4.O-O Nxe4 5.d4 Nd6 6.Bxc6 dxc6 7.dxe5
Nf5 8.Qxd8+ Kxd8 9.b3 a5 10.a4 h6 11.Nbd2 Bd7 12.Bb2 Ne7 13.Rad1
Kc8 14.Rfe1 Nd5 15.Nd4 Nf4 16.g3 Ne6 17.Ne4 Bb4 18.Re3 b6 19.f4
Nxd4 20.Bxd4 Be6 21.Bc3 Kb7 22.Bxb4 axb4 23.Kf2 Rhd8 24.Red3
Rxd3 25.Rxd3 c5 26.Kf3 c4 27.bxc4 Rxa4 28.c5 Ra3 29.Ke3 Bc4 30.f5
Bxd3 31.cxd3 b3 32.e6 fxe6 33.fxe6 b2 34.e7 Ra8 35.Nc3 bxc5 36.Kd2
Re8 37.Kc2 Rxe7 38.Kxb2 Re1 39.Kc2 Ra1 40.Ne4 Ra2+ 41.Kc3 Rxh2
42.Nxc5+ Kc6 43.Ne6 g5 0-1

[Event "Moscow Open 2009 B"]
[Site "www.moscowchessopen.ru"]
[Date "2009.02.01"]
[Round "2.45"]
[White "Eliseev, Urii"]
[Black "Zhdanov, Vladimir"]
[Result "1-0"]
[WhiteElo "2249"]
[BlackElo "2025"]
[Annotator ""]
[Source ""]
[Remark ""]

1.e4 c6 2.d4 d6 3.Nc3 Qc7 4.Be3 Nf6 5.f3 e5 6.Qd2 Be7 7.O-O-O
b5 8.g4 a5 9.Nce2 c5 10.dxe5 dxe5 11.g5 Nfd7 12.Nc3 b4 13.Nd5
Qd8 14.Ne2 O-O 15.Bh3 Ra7 16.Ng3 g6 17.Bg4 Nc6 18.h4 Nd4 19.c3
bxc3 20.bxc3 Ne6 21.h5 Bxg5 22.hxg6 Bxe3 23.Qxe3 Nb6 24.g7 Re8
25.Qh6 1-0

[Event "Moscow Open 2009 B"]
[Site "www.moscowchessopen.ru"]
[Date "2009.02.01"]
[Round "2.46"]
[White "Paravyan, David"]
[Black "Baranov, Ilja"]
[Result "0-1"]
[WhiteElo "2021"]
[BlackElo "2247"]
[Annotator ""]
[Source ""]
[Remark ""]

1.e4 c6 2.d4 d5 3.Nc3 dxe4 4.Nxe4 Nf6 5.Nxf6+ gxf6 6.Nf3 Bg4
7.c3 Nd7 8.Bc4 Qc7 9.Ng5 Ne5 10.Be2 Bxe2 11.Qxe2 Ng6 12.Ne4 O-O-O
13.Qg4+ Qd7 14.Qxd7+ Rxd7 15.h4 h5 16.g3 f5 17.Nc5 Rd5 18.Nd3
f6 19.Nf4 Nxf4 20.Bxf4 e5 21.dxe5 fxe5 22.Be3 b6 23.c4 Rd7 24.Bd2
Bc5 25.Bc3 Bd4 26.O-O-O Bxc3 27.bxc3 Rhd8 28.Rxd7 Kxd7 29.Re1
Ke6 30.Re3 e4 31.f3 Ke5 32.Kc2 Rg8 33.fxe4 fxe4 34.Kd2 Rf8 35.Ke2
Rd8 36.a4 Re8 37.Kd2 Kd6 38.Kc2 Kc5 39.Kb3 Re5 0-1

[Event "Moscow Open 2009 B"]
[Site "www.moscowchessopen.ru"]
[Date "2009.02.01"]
[Round "2.47"]
[White "Pletnev, Evgeniy"]
[Black "Potlov, Semen"]
[Result "1-0"]
[WhiteElo "2246"]
[BlackElo "2020"]
[Annotator ""]
[Source ""]
[Remark ""]

1.d4 e6 2.Nf3 f5 3.Bg5 Nf6 4.Nc3 d5 5.Qd2 Nbd7 6.O-O-O Bb4 7.a3
Ba5 8.Ne5 O-O 9.f3 Qe8 10.g4 fxg4 11.Rg1 c6 12.h3 c5 13.Nxd7
Nxd7 14.dxc5 gxf3 15.Bh6 Rf7 16.Qd4 Nf6 17.b4 Bc7 18.exf3 a6
19.Bd3 e5 20.Qh4 Bd8 21.Bg5 g6 22.Nxd5 Nxd5 23.Bxd8 Nf4 24.Bc4
Be6 25.Bxe6 Qxe6 26.Kb2 Nxh3 27.Rd6 Qf5 28.Rg3 Nf4 29.Rg5 Qh3
30.Rxe5 Qxh4 31.Bxh4 Ng2 32.Bg5 a5 33.b5 Rxf3 34.Rd7 Rf7 35.Rxf7
Kxf7 36.Re7+ 1-0